Pays les plus proches de Jamaïque - Mort subite - Statistiques

Statistiques générales
  • Ce quiz a été pris 70 fois
  • Le résultat moyen est 5 sur 15
Answers on the Grid
Answers color-coded by a green-red scale on the quiz's grid according to % correct below.
Cuba
Haïti
Bahamas
République dominicaine
Honduras
Nicaragua
États-Unis
Colombie
Venezuela
Mexique
Panama
Costa Rica
Belize
Guatemala
El Salvador
Canada
Équateur
Guyane
Suriname
Pérou
Bolivie
Brésil
Paraguay
Uruguay
Saint-Kitts-et-Nevis
Antigua-et-Barbuda
Sainte-Lucie
Grenade
Mauritanie
Islande
 
Statistiques - réponses
Réponse % Correct
Cuba
57%
Panama
48%
Costa Rica
43%
Haïti
43%
Bahamas
33%
Honduras
33%
Belize
29%
République dominicaine
29%
Colombie
24%
États-Unis
24%
Guatemala
24%
Nicaragua
24%
El Salvador
14%
Mexique
14%
Venezuela
14%
Aucun quiz correspondant
Distribution des résultats
% des personnes avec chaque résultat
Percentile par nombre de réponses
Votre historique - résultats
Vous n’avez pas pris ce quiz